Jean-Claude Van Damme Filmography - Statistics

General Stats
  • This quiz has been taken 259 times
    43 since last reset
  • The average score is 31 of 101
Answer Stats
Type Year Name % Correct
Film 1988 Bloodsport
100%
Film 1989 Kickboxer
88%
Film 1994 Timecop
88%
Film 1992 Universal Soldier
88%
Film 1989 Cyborg
79%
Film 1991 Double Impact
79%
Film 1990 Lionheart
79%
Film 1993 Nowhere to Run
75%
Film 1996 The Quest
75%
Film 2008 JCVD
71%
Film 1994 Street Fighter
71%
Video Game 1995 Street Fighter: The Movie
71%
Film 1986 No Retreat, No Surrender
67%
Film 1999 Universal Soldier: The Return
67%
Film 1993 Hard Target
63%
Film 1996 Maximum Risk
63%
Film 2012 The Expendables 2
63%
Film 1988 Black Eagle
58%
Film 1990 Death Warrant
58%
Film 1997 Double Team
58%
Film 1995 Sudden Death
58%
Film 1999 Desert Heat
54%
TV Show 1996 Friends
50%
Film 2003 In Hell
50%
Film 1998 Legionnaire
50%
Film 2001 The Order
46%
Film 2002 Derailed
42%
Film 1998 Knock Off
42%
Film 1984 Monaco Forever
42%
Film 2006 Second in Command
42%
Film 2009 Universal Soldier: Regeneration
42%
Film 2011 Kung Fu Panda 2
38%
Film 2016 Kung Fu Panda 3
38%
Film 2012 Six Bullets
38%
Film 2018 The Bouncer
38%
Film 2006 The Hard Corps
38%
Film 2008 The Shepherd: Border Patrol
38%
Film 2013 Welcome to the Jungle
38%
Film 1984 Breakin'
33%
Film 2016 Kickboxer: Vengeance
33%
Film 2007 Until Death
33%
Film 2018 Kickboxer: Retaliation
29%
Film 1993 Last Action Hero
29%
Film 2001 Replicant
29%
Film 2012 Universal Soldier: Day of Reckoning
29%
Film 2004 Wake of Death
29%
Film 2011 Assassination Games
25%
Film 2024 Darkness of Man
25%
Web Series 2016-2017 Jean-Claude Van Johnson
25%
Film 2004 Narco
25%
Film 2015 Pound of Flesh
25%
Film 2014 Swelter
25%
Film 2018 Black Water
21%
Film 2022 Minions: The Rise of Gru
21%
Film 2012 U.F.O.
21%
Film 2013 Enemies Closer
17%
Film 2015 Jian Bing Man
17%
Film 2017 Kill 'Em All
17%
Film 2006 The Exam
17%
Film 2019 We Die Young
17%
Film 1979 Woman Between Wolf and Dog
17%
Film 2011 Beur sur la ville
13%
Music Video 1992 Body Count's in the House
13%
Music Video 1999 Crush 'Em
13%
Film 2012 Dragon Eyes
13%
Film 2014 Full Love
13%
Film 2021 Haters
13%
Video Game 2023 Hitman: World of Assassination
13%
Documentary Series 2011 Jean-Claude Van Damme: Behind Closed Doors
13%
Film 2024 Kill Em All 2
13%
TV Show 2004 Las Vegas
13%
Video Game 2023 Mortal Kombat 1
13%
TV Show 2009 Robot Chicken
13%
Film 2012 Rzhevsky Versus Napoleon
13%
Music Video 1994 Straight to My Feet
13%
Film 2025 The Gardener
13%
Film 2021 The Last Mercenary
13%
Music Video 2003 Kiss My Eyes
8%
TV Show 2020 Les Anges Asian Dream
8%
TV Show 2011 Les Anges Gardiens
8%
TV Show 2022 Ramez Movie Star
8%
Music Video 1995 Something There
8%
Film 2010 The Eagle Path
8%
Music Video 2015 The Hum
8%
Music Video 1994 Time Won't Let Me
8%
Music Video 2020 Ultrarêve
8%
Film TBA What's My Name?
8%
Music Video 2008 Ya Lyublyu Ego
8%
Video Game 2025 Mortal Kombat 1: Definitive Edition
4%
Commercial 2011 Coors Light
0%
TV Documentary 2003 Dans la Peau de Jean-Claude Van Damme
0%
Commercial 2013 Go Daddy
0%
Short Documentary 2020 How Did Jean-Claude Van Damme Change Our Life
0%
Short Film 2014 JCVD's Make My Movie Challenge
0%
Film TBA Silent Kill
0%
Commercial 2018 Tostitos
0%
Short Film 2017 Ultra Tune with Jean Claude Van Damme
0%
TV Documentary 2023 Van Damme: Split Personality
0%
Commercial 2007 Virgin Mobile
0%
Commercial 2007 World of Warcraft
0%
TV Short 1994 Zig & Zag: Entertainment Cops
0%
No matching quizzes found
Score Distribution
Percent of People with Each Score
Percentile by Number Answered
Your Score History
You have not taken this quiz since the last reset